Metody i modeli vektornoj optimizacii

Salvato in:
Dettagli Bibliografici
Autore principale: Mašunin, Jurij Konstantinovič
Natura: Libro
Lingua:russo
Pubblicazione: Moskva Nauka 1986
Edizione:1. izd.
Tags: Aggiungi Tag
Nessun Tag, puoi essere il primo ad aggiungerne!!

MARC

LEADER 00000nam a2200000 4500
001 c039289
005 20230222081901.2
041 0 |a rus 
044 |a RU 
245 1 0 |a Metody i modeli vektornoj optimizacii  |c Jurij Konstantinovič Mašunin 
250 |a 1. izd. 
264 1 |a Moskva  |b Nauka  |c 1986 
300 |a 140 s. 
100 1 |a Mašunin, Jurij Konstantinovič